| 000 | 01014cam a2200289 i 4500 | ||
|---|---|---|---|
| 001 | 17370 | ||
| 003 | BD-RjUL | ||
| 005 | 20211209000128.0 | ||
| 008 | 140216s1975 enkab b 001 0 eng | ||
| 020 | _a0347010776 : | ||
| 035 | _a(BD-RjUL)17428 | ||
| 040 |
_aDLC _cDLC _dDLC _beng |
||
| 041 | 1 | _aengfre | |
| 082 | 0 | 0 |
_a338.27282091822 _bMAP 1975 |
| 100 | 1 |
_aMadelin, Henri. _953523 |
|
| 245 | 1 | 0 |
_aOil and politics / _c[by] Henri Madelin ; translated from the French by Margaret Totman. |
| 260 |
_aFarnborough, Hants. : _bSaxon House ; _aLexington, Mass. : _bLexington Books, _c1975. |
||
| 300 |
_avii, 241 p. : _bill., maps ; _c24 cm. |
||
| 500 | _aTranslation of Pétrole et politique en Méditerranée occidentale. | ||
| 500 | _aIncludes index. | ||
| 504 | _aBibliography: p. 231-235. | ||
| 650 | 0 |
_aPetroleum industry and trade _zMediterranean region. _953524 |
|
| 942 |
_2ddc _cBK |
||
| 999 |
_c17370 _d17370 |
||